|
|
|
|
| LEADER |
00000nam a22000007a 4500 |
| 005 |
20211213225345.0 |
| 007 |
cr|||| |||| |
| 008 |
211213s2021 br |||||s|||| 00||0 por d |
| 020 |
|
|
|a 978-65-5515-260-9
|
| 035 |
|
|
|a 35450
|
| 040 |
|
|
|a vLex
|
| 090 |
|
|
|c 12702
|d 12702
|
| 100 |
1 |
|
|a Rosenvald, Nelson
|
| 245 |
1 |
0 |
|a Coronavirus e responsabilidade civil
|h [Recurso electrn̤ico] :
|b impactos contratuais e extracontratuais /
|c Nelson Rosenvald, Carlos Edison Do Rg̊o Monteiro Filho, Roberta Densa
|
| 256 |
|
|
|a Servicio en ln̕ea
|
| 260 |
|
|
|a Indaiatuba:
|b Editora Foco,
|c 2021
|
| 300 |
|
|
|a 1 recurso electrn̤ico
|
| 500 |
|
|
|a “Como se v ̊do abrangente temr̀io da obra, o IBERC e os autores dos 44 artigos que a compe̳m pretendem fornecer instrumento t︢il de reflexô cientf̕ica, em meio aos primeiros impactos da pandemia no ambiente jurd̕ico-normativo. Trata-se de livro que busca projetar luzes sobre problemas da responsabilidade civil que se inserem com absoluta prioridade na pauta das preocupaė̳s de advogados, juz̕es, professores e estudantes. De fato, diante dos gigantescos desafios que se avizinham, a difusô e o aprimoramento constante do conhecimento tčnico-cientf̕ico tornam-se mťodo seguro e permanente para lidar com as incertezas do porvir e, sob tais circunstńcias, a doutrina, mais do que em tempos de normalidade, passa a constituir espaȯ privilegiado a auxiliar o enfrentamento da crise em suas ml︢tiplas dimense̳s. Irmanados em tal props̤ito, ̌que os autores e o IBERC oferecem a presente obra – sabedores, ̌certo, de que se cuida de esforȯ desenvolvido em momento embrionr̀io de uma crise cujos efeitos ainda se farô sentir por tempo indefinido, e, portanto, de que atualizaė̳s e adequaė̳s se farô necessr̀ias, em esforȯ permanente. Mas cientes de que a primeira palavra foi dada”. Carlos Edison do Rg̊o Monteiro Filho Nelson Rosenvald Roberta Densa
|
| 506 |
1 |
|
|a Disponible solo en los productos indicados
|d vLex Global
|d vLex Global (Academic Edition, excluding Law Schools)
|d vLex Global (U.S. Academic Edition, Law Schools)
|d vLex Global (U.S. Academic Edition, excluding Law Schools)
|d vLex Global (Academic Edition, Law Schools)
|
| 650 |
0 |
4 |
|a Derecho Civil
|z Brasil
|
| 700 |
1 |
|
|a Do Rg̊o Monteiro Filho, Carlos Edison
|
| 700 |
1 |
|
|a Densa, Roberta
|
| 740 |
0 |
|
|a vLex Libros (Servicio en ln̕ea)
|
| 856 |
4 |
0 |
|u https://app.vlex.com/#/sources/35450
|z Acceso restringido
|
| 942 |
|
|
|c BOOK
|
| 999 |
0 |
|
|a Civil Law
|